Χώρες με τους Περισσότερους Θανάτους από Ελονοσία - Statistics

General Stats
  • This quiz has been taken 10 times
  • The average score is 10 of 20
Answer Stats
Θάνατοι Χώρα % Correct
82.511 Λ.Δ. Κονγκό
100%
25.972 Τανζανία
100%
15.989 Ανγκόλα
90%
17.435 Νίγηρας
80%
7.341 Ινδία
80%
199.689 Νιγηρία
70%
23.766 Μοζαμβίκη
70%
14.841 Καμερούν
70%
12.415 Τσαντ
70%
1.443 Ινδονησία
70%
19.979 Μπουρκίνα Φάσο
50%
454 Πακιστάν
50%
15.913 Ακτή Ελεφαντοστού
40%
77 Μιανμάρ
40%
97 Φιλιππίνες
30%
110 Αφγανιστάν
20%
203 Βενεζουέλα
10%
2.962 Παπούα Νέα Γουινέα
0%
1.979 Υεμένη
0%
97 Αϊτή
0%
No matching quizzes found
Score Distribution
Percent of People with Each Score
Percentile by Number Answered
Your Score History
You have not taken this quiz